000 00564nam a2200205Ia 4500
005 20260429112131.0
008 260429s9999||||xx |||||||||||||| ||und||
020 _a9789381075982
041 _aEnglish
082 _a519.2
_bRAO
100 _aRao, Prabhakara
245 0 _aProbability theory and stochastic processes /
_cPrabhakara Rao
250 _a1st ed.
260 _aHyderabad :
_bBs Publications,
_c2025.
300 _axvi, 512 p.; pbk
650 _a Stochastic process
650 _aProbability theory
700 _a Murthy, T. S. R.
942 _cTB
999 _c52521
_d52521